| 000 | 00607cab a2200193 4500 | ||
|---|---|---|---|
| 001 | WB2439-03 | ||
| 008 | 090401t1988 xxu||||| |||| 00| 0 eng d | ||
| 035 | _a(Sirsi) u37917 | ||
| 041 | _aeng | ||
| 245 | _aDanger from space saver stairs | ||
| 260 | _c1988 | ||
| 350 | _a0 | ||
| 490 |
_aBuilding Today _vvol 196 no 5775 29/9/88 p14 |
||
| 520 | _aLeeds City Council has started a campaign to ban space-saving stairs and ladders which are used for loft conversions and for other domestic uses. | ||
| 650 |
_aBUILDING CONTROL _96222 |
||
| 690 | _aBUILT ENVIRONMENT | ||
| 942 | _n0 | ||
| 948 | _c04/03/1997 | ||
| 999 |
_c24382 _d24382 |
||